00326nam a2200133Ia 4500008004100000020001500041041000800056082001800064100002300082245004000105250000600145260003300151300000800184210716s1979 xx 000 0 und d a0394503422 aeng a332.6342 HARK aHarney, Kenneth R. aBeating inflation with real estate. a1 aNew YorkbRandom Housec1979 a288